Diffusion of information on rubber through daily newspapers - A study of its effectiveness (Record no. 57202)

MARC details
000 -LEADER
fixed length control field 00376nam a2200121Ia 4500
100 ## - MAIN ENTRY--AUTHOR NAME
Personal name Haridasan V
245 #0 - TITLE STATEMENT
Title Diffusion of information on rubber through daily newspapers - A study of its effectiveness
260 ## - PUBLICATION, DISTRIBUTION, ETC. (IMPRINT)
Name of publisher Placrosym, VI, 1984. Kottayam.
Year of publication 1984
700 ## - ADDED ENTRY--PERSONAL NAME
Personal name Pillai K K R
700 ## - ADDED ENTRY--PERSONAL NAME
Personal name Sreenivasan K G
942 ## - ADDED ENTRY ELEMENTS (KOHA)
Koha item type Journals
Holdings
Withdrawn status Lost status Damaged status Not for loan Home library Current library Date acquired Koha item type
      Journals RRII Library RRII Library 17/12/2021 Journals